000 00848nam a2200277 a 4500
001 000024020
003 DO-SdBNP
005 20230426104542.0
007 000024020
008 110118s2010 dr a 000 0 spa d
020 _a9945111256
040 _aBPMSU
_bspa
_cBPMSU
082 4 _aRD862.44
_bD611v 2010
_222
100 1 _aDisla, Reynaldo
245 1 4 _aLos volcanes de Manflota /
_cReynaldo Disla ; ilustración Kilia Llano.
260 _aSanto Domingo :
_bAlfaguara Infantil,
_c2010.
300 _a35 p. :
_bil. ;
_c20 cm.
490 0 _aAlfaguara infantil
500 _3La biblioteca posee la reimpresión del 2011
590 _6Inventariado, 2023/VM
650 4 _aTeatro infanti dominicano
650 4 _aLiteratura infantil dominicana
700 1 _aLlano, Kilia
_eilus.
910 _aVMateo V. Control de calidad (BPMSU)
942 _2ddc
_cBK
999 _c7833
_d7833